MARC details
| 000 -CABECERA |
| campo de control de longitud fija |
00920nam a2200241 a 4500 |
| 005 - FECHA Y HORA DE LA ÚLTIMA TRANSACCIÓN |
| campo de control |
20240806063845.0 |
| 008 - ELEMENTOS DE LONGITUD FIJA--INFORMACIÓN GENERAL |
| campo de control de longitud fija |
991125s1985 mx 000 0 spa u |
| 020 ## - NÚMERO INTERNACIONAL NORMALIZADO PARA LIBROS |
| Número Internacional Estándar del Libro |
968161965X |
| 035 ## - NÚMERO DE CONTROL DEL SISTEMA |
| Número de control de sistema |
UPN01000026828 |
| 040 ## - FUENTE DE LA CATALOGACIÓN |
| Centro catalogador/agencia de origen |
MX-MxUPN |
| Lengua de catalogación |
spa |
| Centro/agencia transcriptor |
MX-MxUPN |
| 050 #4 - SIGNATURA TOPOGRÁFICA DE LA BIBLIOTECA DEL CONGRESO |
| Número de clasificación |
PQ7104 |
| Número de documento/Ítem |
L5 no.97 |
| 100 1# - ASIENTO PRINCIPAL--NOMBRE PERSONAL |
| Nombre de persona |
Aub, Max, |
| Fechas asociadas al nombre |
1903-1972 |
| 9 (RLIN) |
27973 |
| 245 10 - MENCIÓN DE TÍTULO |
| Título |
Guía de narradores de la revolución mexicana / |
| Mención de responsabilidad, etc. |
Max Aub. |
| 250 ## - MENCIÓN DE EDICIÓN |
| Mención de edición |
Primera edición |
| 260 ## - PUBLICACIÓN, DISTRIBUCIÓN, ETC. |
| Lugar de publicación, distribución, etc. |
México : |
| Nombre del editor, distribuidor, etc. |
Fondo de Cultura Económica : |
| -- |
Secretaría de Educación Pública, Subsecretaría de Cultura, |
| Fecha de publicación, distribución, etc. |
1985. |
| 300 ## - DESCRIPCIÓN FÍSICA |
| Extensión |
64 páginas : |
| Otras características físicas |
71 ilustraciones, fotografías en blanco y negro, retratos |
| 490 ## - MENCIÓN DE SERIE |
| Mención de serie |
Lecturas mexicanas ; |
| Designación de volumen o secuencia |
97 |
| 650 #4 - ASIENTO SECUNDARIO DE MATERIA - TERMINO TEMATICO |
| Término de materia o nombre geográfico como elemento de entrada |
Literatura mexicana |
| 9 (RLIN) |
4466 |
| 650 #2 - ASIENTO SECUNDARIO DE MATERIA - TERMINO TEMATICO |
| Término de materia o nombre geográfico como elemento de entrada |
Historiadores mexicanos |
| 9 (RLIN) |
23713 |
| Subdivisión cronológica |
Siglo XX |
| Subdivisión general |
Antología |
| 651 #4 - ASIENTO SECUNDARIO DE MATERIA - NOMBRE GEOGRAFICO |
| Nombre geográfico |
México |
| Subdivisión general |
Historia |
| Subdivisión cronológica |
Revolución, 1910-1917 |
| Subdivisión de forma |
Fotografías |
| 9 (RLIN) |
223 |
| 905 ## - TIPO DE MATERIAL |
| Tipo de material |
Libro |
| 942 ## - ELEMENTOS DE PUNTO DE ACCESO ADICIONAL (KOHA) |
| Fuente del sistema de clasificación o colocación |
Library of Congress Classification |
| Tipo de ítem Koha |
Libro |